00742pam a2200241 45000010008000000030004000080050017000120080041000290100017000700200015000870200022001020400018001240500022001420820016001641000029001802450092002092600042003013000023003433500010003665040041003766500045004177000038004622668379OSt20230704112926.0730504s1973 cau b 001 0 engs  a 73007787  a0716707837 a0716707985 (pbk.) aDLCcDLCdDLC00aJZ5330b.F35 197300a341.24bEAI1 aFalk, Richard A.,ecomp.10aRegional politics and world order,cedited by Richard A. Falk [and] Saul H. Mendlovitz. aSan Francisco,bW. H. Freemanc[1973] avi, 475 p.c26 cm. a$5.95 aIncludes bibliographical references. 0aRegionalism (International organization)1 aMendlovitz, Saul H.,ejoint comp.